| 000 | 00767nam a2200205Ia 4500 | ||
|---|---|---|---|
| 001 | 11485 | ||
| 003 | GE_BSU | ||
| 008 | 181216s||||||||xx |||||||||||||| ||und|| | ||
| 040 | _cGE_BSU | ||
| 080 | _a631.519+631.115.71:633.72(479.22) | ||
| 100 | _aბალანჩივაძე,ლ. | ||
| 245 | _aმიწათმოქმედების ინტენსიფიკაციის საკითხები | ||
| 245 | _cრედ:მ.კახეთელიძე. | ||
| 260 | _aთბილისი | ||
| 260 | _bმეცნიერება | ||
| 260 | _c1975 | ||
| 300 | _a83გვ;21სმ. | ||
| 653 | _aმიწათმოქმედების ინტენსიფიკაციის საკითხები | ||
| 942 | _cBK | ||
| 999 |
_c44681 _d44681 |
||